Motivujte personál, aby predal viac
O tom, ako obchodníkom dokážu zvýšiť predaj správne preškolení predavači, ktorí majú nastavené predajné ciele a odmeny za ich dosiahnutie. Význam impulzívneho predaja pri zvyšovaní obratu. Úspech nezaručí len nízka cena.
Gespeichert in:
| 1. Verfasser: | |
|---|---|
| Format: | Buchkapitel |
| Sprache: | Slowakisch |
| Schlagworte: | |
| Tags: |
Keine Tags, Fügen Sie das erste Tag hinzu!
|
MARC
| LEADER | 00000naa a2200000 4500 | ||
|---|---|---|---|
| 001 | 0169954 | ||
| 005 | 20231010141647.7 | ||
| 041 | 0 | |a slo | |
| 044 | |a SK | ||
| 245 | 1 | 0 | |a Motivujte personál, aby predal viac |c Veronika Mišíková |
| 520 | |a O tom, ako obchodníkom dokážu zvýšiť predaj správne preškolení predavači, ktorí majú nastavené predajné ciele a odmeny za ich dosiahnutie. Význam impulzívneho predaja pri zvyšovaní obratu. Úspech nezaručí len nízka cena. | ||
| 610 | 2 | 0 | |a predajne |
| 610 | 2 | 0 | |a predaj |
| 610 | 2 | 0 | |a obrat maloobchodný |
| 610 | 2 | 0 | |a správanie spotrebiteľa |
| 100 | 1 | |a Mišíková, Veronika | |